000 00415nam a22001217a 4500
003 SGT
082 _a920
_bP99K
100 _aकिशोर, गिरिराज
245 _a पहला गिरमिटिया : गाँधी के जीवन पर केंद्रित उपन्यास
260 _bभारतीय ज्ञानपीठ
_c1999
300 _a904
942 _2ddc
_cBK
999 _c29751
_d29751